000 00532nam a2200181Ia 4500
005 20250508152442.0
008 008 250505s9999 xx 000 0 eng d
037 _aTextual
040 _aFEDL
_beng
_cFEDL
041 _aeng
_2eng
084 _a368.40954, JAG
_qFEDL
100 _aJagannadham V.
245 0 _aSocial insurance in India
260 _aAmsterdam, USA
_bInternational Educational Publishing House Limited
_c1954
300 _a100p.
942 _cTEXL
_h368.40954, JAG
999 _c1336508
_d1336508